000 00417cam a2200157ua 4500
041 _aeng
_h
082 _a027.006
_bMIT/OR
100 _aMittal, S R .
245 _aOrganizing a village library /
_cS R Mittal.
_hTextual Documents
250 _a1 /
_b.
260 _aNewdelhi :
_bNational council of educational research&training ,
_c1964.
300 _a27 ; .
504 _a
942 _cBK
999 _c7783
_d7783